[Event "Krasnodar Region-ch"]
[Site "Krasnodar"]
[Date "2010.10.21"]
[Round "6"]
[White "Chalenko, Valery"]
[Black "Golub, Sergey"]
[Result "1/2-1/2"]
[WhiteElo "2198"]
[BlackElo "1890"]
[PlyCount "20"]
[EventDate "2010.10.16"]
[EventType "swiss"]
[EventRounds "9"]
[EventCountry "RUS"]
[SourceTitle "EXT 2022"]
[Source "ChessBase"]
[SourceDate "2021.10.06"]
[SourceVersion "1"]
[SourceVersionDate "2021.10.06"]
[SourceQuality "1"]

1. d4 Nf6 2. c4 g6 3. Nc3 Bg7 4. e4 d6 5. Be2 0-0 6. Bg5 Nbd7 7. Qd2 c5 8. d5 a6 9. Nf3 Rb8 10. a4 Ng4 1/2-1/2

[Event "Krasnodar Elo U18"]
[Site "Krasnodar"]
[Date "2004.11.??"]
[Round "9"]
[White "Chalenko, Valery"]
[Black "Doroshenko, Diana"]
[Result "1-0"]
[WhiteElo "2252"]
[BlackElo "2131"]
[PlyCount "100"]
[EventDate "2004.11.??"]
[EventType "tourn"]
[EventRounds "9"]
[EventCountry "RUS"]
[SourceTitle "EXT 2006"]
[Source "ChessBase"]
[SourceDate "2005.11.24"]
[SourceVersion "1"]
[SourceVersionDate "2005.11.24"]
[SourceQuality "1"]

1. d4 d5 2. c4 c6 3. Nf3 Nf6 4. e3 e6 5. Nc3 Nbd7 6. Bd3 Be7 7. 0-0 0-0 8. Qe2 Re8 9. Rd1 Nf8 10. e4 dxe4 11. Nxe4 b6 12. b3 Bb7 13. Bb2 Ng6 14. Qe3 Qc7 15. Ne5 Nxe4 16. Bxe4 c5 17. Bxg6 hxg6 18. Qf4 Bf6 19. dxc5 Qxc5 20. Rd7 Bxe5 21. Bxe5 Re7 22. Rad1 Qc6 23. Rd8+ Rxd8 24. Rxd8+ Re8 25. Rxe8+ Qxe8 26. h4 Qc6 27. f3 Qd7 28. Bc3 f6 29. Qb8+ Bc8 30. b4 Qb7 31. Qf4 Qc6 32. Qg4 Kf7 33. h5 g5 34. Qd4 Qd7 35. Qe4 Bb7 36. Qg6+ Kf8 37. h6 gxh6 38. Bxf6 Qf7 39. Qxh6+ Ke8 40. Qh8+ Qf8 41. Qh5+ Kd7 42. Bxg5 Qg7 43. Qh4 Qa1+ 44. Kh2 Qe5+ 45. Bf4 Qg7 46. Qh5 Bc6 47. b5 Bb7 48. Be5 Qe7 49. Qh8 Bc8 50. Bf6 Qe8 1-0

[Event "Krasnodar Elo U18"]
[Site "Krasnodar"]
[Date "2004.11.??"]
[Round "3"]
[White "Chalenko, Valery"]
[Black "Elderov, Fazil"]
[Result "1-0"]
[WhiteElo "2252"]
[BlackElo "2074"]
[PlyCount "47"]
[EventDate "2004.11.??"]
[EventType "tourn"]
[EventRounds "9"]
[EventCountry "RUS"]
[SourceTitle "EXT 2006"]
[Source "ChessBase"]
[SourceDate "2005.11.24"]
[SourceVersion "1"]
[SourceVersionDate "2005.11.24"]
[SourceQuality "1"]

1. d4 c5 2. d5 e5 3. e4 d6 4. Nc3 Be7 5. Nf3 Nf6 6. Bd3 0-0 7. 0-0 h6 8. Qe2 Nh7 9. Be3 Ng5 10. Nd2 Nh7 11. f3 Bg5 12. Bf2 Bxd2 13. Qxd2 Re8 14. f4 Nd7 15. Bb5 a6 16. Bxd7 Qxd7 17. fxe5 Rxe5 18. Bg3 Re8 19. Qf4 Rd8 20. e5 dxe5 21. Qxe5 Ng5 22. d6 Ne6 23. Nd5 f6 24. Rxf6 1-0